000 00707nam a2200253Ia 4500
003 OSt
005 20220928131347.0
006 a|||||r|||| 00| 0
007 ta
008 220927b |||||||| |||| 00| 0 eng d
024 _a60406
037 _cTextual
040 _aSDCL
_cSDCL
_beng
041 _2eng
_aeng
082 _az4jNO7, K8
100 _aHeesterman J C Ed.
_9477799
245 0 _aPratidaanam.
260 _aParis
_bMouton
_c1968
300 _axxiv,627p.
_ccm.
700 _a Schokker G H Ed.
_9477800
700 _a Subramoniam V I Ed.
_9477801
942 _hz4jNO7, K8
_cTEXL
_2CC
999 _c790304
_d790304